00505cam a2200157ua 4500001000400000008003900004040000900043082001200052245008600064250000900150260004500159300002200204653002200226653007100248700002800319683110412n ii |||gr||||Z||||||eng cMAIN a352.0541 aFoundations of local self-government in India, Pakistan and Burmacby Hugh Tinker a1st. aCalcutta:bLalvani publishing house,967. axvi, 376.:c25cm. aPolitical science aFoundations of local self- government in India, pakistan and Burma aTinker, Hugh.,eAuthor.